[Event "13e tournoi d'automne - tournoi A"]
[Site "Montigny le Bretonneux"]
[Date "2014.10.18"]
[Round "1.1"]
[White "Renoux, Frederic"]
[Black "Iasoni, Robert"]
[Result "0-1"]
[WhiteElo "1884"]
[BlackElo "2137"]
[Annotator "Rivier,Sylvain"]
[PlyCount "148"]
[EventDate "2014.??.??"]

{Défense Benoni, variante du fianchetto} 1. d4 Nf6 2. c4 c5 3. d5 e6 4. Nc3
exd5 5. cxd5 d6 6. g3 g6 7. Bg2 Bg7 8. Nf3 O-O 9. O-O Na6 10. h3 Rb8 11. a4 Nb4
12. Nd2 a6 13. Nde4 Nxe4 14. Nxe4 Qe7 15. Bg5 f6 16. Bf4 Rd8 17. Nxc5 g5 18.
Bxd6 Qxd6 19. Rc1 a5 20. Qb3 Bf5 21. e4 Bd7 22. f4 gxf4 23. gxf4 b6 24. Nxd7
Rxd7 25. Qg3 Kh8 26. Kh1 Rc7 27. Bf3 Rbc8 28. Rcd1 Re8 29. Rfe1 Rce7 30. Bh5
Rg8 31. Rg1 Na6 32. Qh4 Bf8 33. Rg6 Rxg6 34. Bxg6 Nc5 35. Rd4 Rg7 36. Bf5 Be7
37. Rd2 Qd8 38. Rg2 Qg8 39. Rxg7 Qxg7 40. Qh5 Nd3 41. Qf3 Bc5 42. Bg4 Nxb2 43.
Qc3 Nxa4 44. Qb3 h5 45. Qxa4 hxg4 46. Qe8+ Bf8 47. hxg4 Kg8 48. Qe6+ Kh8 49.
Kg2 Qe7 50. Qf5 a4 51. e5 fxe5 52. fxe5 Bg7 53. Qc8+ Qf8 54. Qe6 a3 55. d6 a2
56. Qxa2 Bxe5 57. d7 Bf6 58. Qe6 Bd8 59. Kg3 Qf6 60. Qe8+ Kg7 61. Qe4 Qd6+ 62.
Kh3 Bc7 63. Kg2 Qxd7 64. Kf3 b5 65. Qb7 Qd3+ 66. Kg2 Qg3+ 67. Kf1 Qf4+ 68. Ke1
b4 69. Ke2 Qc4+ 70. Kf3 b3 71. g5 Qc3+ 72. Kg4 Qg3+ 73. Kf5 Qf4+ 74. Ke6 Qe5+
0-1

[Event "13e tournoi d'automne - tournoi A"]
[Site "Montigny le Bretonneux"]
[Date "2014.10.18"]
[Round "1.2"]
[White "Rettore, Ludwig"]
[Black "Forissier, Nicolas"]
[Result "1-0"]
[WhiteElo "2135"]
[BlackElo "1929"]
[Annotator "Rivier,Sylvain"]
[PlyCount "57"]
[EventDate "2014.??.??"]

{Défense néo-Grünfeld} 1. Nf3 d5 2. c4 c6 3. g3 Nf6 4. b3 g6 5. Bb2 Bg7 6. Bg2
O-O 7. O-O Re8 8. d4 Qb6 9. Ne5 Be6 10. Nc3 dxc4 11. Na4 Qb5 12. Nc5 cxb3 13.
a4 Qb6 14. Nxe6 fxe6 15. Bh3 Nd5 16. Bxe6+ Kf8 17. e4 Nf6 18. Nc4 Qc7 19. e5 b5
20. Ne3 c5 21. dxc5 Na6 22. exf6 exf6 23. Bd5 Rad8 24. Qxb3 Nxc5 25. Ba3 f5 26.
Rac1 Bd4 27. Bxc5+ Bxc5 28. Qxb5 Rc8 29. Bb7 1-0

[Event "13e tournoi d'automne - tournoi A"]
[Site "Montigny le Bretonneux"]
[Date "2014.10.21"]
[Round "1.3"]
[White "David, Frederic"]
[Black "De Lagontrie, Jean"]
[Result "1-0"]
[WhiteElo "2043"]
[BlackElo "1870"]
[Annotator "Rivier,Sylvain"]
[PlyCount "50"]
[EventDate "2014.??.??"]

{Gambit dame, défense Tarrasch, variante de Prague} 1. d4 Nf6 2. Nf3 d5 3. c4
e6 4. Nc3 c5 5. cxd5 exd5 6. g3 Nc6 7. Bg2 Be7 8. O-O O-O 9. Bg5 cxd4 10. Nxd4
h6 11. Bxf6 Bxf6 12. Nb3 Be6 13. Nxd5 Bxb2 14. Rb1 Ba3 15. e4 Rc8 16. Nd4 Nxd4
17. Qxd4 Bc5 18. Qb2 Bxd5 19. exd5 b6 20. Rbe1 Qd6 21. Qb5 Rc7 22. Re2 Re7 23.
Rfe1 Rfe8 24. Qxe8+ Rxe8 25. Rxe8+ Qf8 1-0

[Event "13e tournoi d'automne - tournoi A"]
[Site "Montigny le Bretonneux"]
[Date "2014.10.18"]
[Round "1.4"]
[White "Veron, Cyprien"]
[Black "Fruchard, Cyrille"]
[Result "1-0"]
[WhiteElo "2031"]
[BlackElo "2011"]
[Annotator "Rivier,Sylvain"]
[PlyCount "69"]
[EventDate "2014.??.??"]

{Gambit dame, défense semi-slave} 1. Nf3 d5 2. d4 Nf6 3. c4 e6 4. Nc3 c6 5. e3
Bd6 6. Qc2 O-O 7. b3 Nbd7 8. Bd3 e5 9. dxe5 Nxe5 10. Nxe5 Bxe5 11. Bb2 Re8 12.
cxd5 cxd5 13. O-O-O Be6 14. Kb1 Rc8 15. Qd2 Qe7 16. Nb5 Bb8 17. Ba3 Qd7 18. Nd4
a6 19. f3 Ba7 20. g4 Red8 21. Nf5 Bc5 22. Bb2 Ne8 23. h4 Bf8 24. h5 Nd6 25.
Nxd6 Qxd6 26. h6 g6 27. Bf5 Be7 28. Bxg6 fxg6 29. Qd4 Kf7 30. Qg7+ Ke8 31. Qxh7
Kd7 32. Qxg6 Rg8 33. Qd3 Kc7 34. Rc1+ Kb8 35. Rxc8+ 1-0

[Event "13e tournoi d'automne - tournoi A"]
[Site "Montigny le Bretonneux"]
[Date "2014.10.18"]
[Round "1.5"]
[White "Koenig, Joel"]
[Black "Plantet, Marc"]
[Result "1-0"]
[WhiteElo "1829"]
[BlackElo "1858"]
[Annotator "Rivier,Sylvain"]
[PlyCount "50"]
[EventDate "2014.??.??"]

{Défense Pirc} 1. Nc3 Nf6 2. e4 d6 3. Bc4 c6 4. a4 d5 5. exd5 cxd5 6. Bb5+ Nbd7
7. d4 a6 8. Be2 e6 9. Nf3 Bd6 10. O-O O-O 11. Re1 Qc7 12. h3 Re8 13. Bf1 Bb4
14. Bd2 Bxc3 15. Bxc3 Ne4 16. Bb4 Ndf6 17. Ne5 Bd7 18. c3 Reb8 19. Bd3 b5 20.
Nxd7 Qxd7 21. axb5 axb5 22. Rxa8 Rxa8 23. Qe2 Rb8 24. Ra1 h6 25. f3 Ng3 1-0

[Event "13e tournoi d'automne - tournoi A"]
[Site "Montigny le Bretonneux"]
[Date "2014.10.19"]
[Round "2.1"]
[White "De Lagontrie, Jean"]
[Black "Iasoni, Robert"]
[Result "0-1"]
[WhiteElo "1870"]
[BlackElo "2137"]
[Annotator "Rivier,Sylvain"]
[PlyCount "112"]
[EventDate "2014.??.??"]

{Défense Benoni, attaque des quatre pions} 1. d4 Nf6 2. c4 c5 3. d5 e6 4. Nc3
exd5 5. cxd5 d6 6. e4 g6 7. f4 Bg7 8. Nf3 O-O 9. Be2 Bg4 10. O-O a6 11. a4 Re8
12. e5 Bxf3 13. Bxf3 dxe5 14. fxe5 Rxe5 15. Bf4 Re8 16. Qd2 Nbd7 17. d6 Rb8 18.
Rfe1 b5 19. axb5 axb5 20. Re7 Bf8 21. Rae1 Bxe7 22. dxe7 Rxe7 23. Rxe7 Qxe7 24.
Bxb8 Nxb8 25. Nxb5 Nbd7 26. Nc3 Ne5 27. Be2 Nc6 28. h3 Qe5 29. Bf3 Nd4 30. Bd1
Kg7 31. Kh1 h6 32. Kg1 h5 33. Kh1 g5 34. Kg1 g4 35. hxg4 hxg4 36. Ne2 Ne4 37.
Qe3 f5 38. Nf4 g3 39. Nh5+ Kf7 40. Qf4 Qxf4 41. Nxf4 Kf6 42. Bf3 Kg5 43. Nd3
Nb3 44. Kf1 c4 45. Bxe4 Nd2+ 46. Ke2 Nxe4 47. Ne5 Nd6 48. Kf3 f4 49. Ke2 Kf6
50. Nf3 Kf5 51. Nd2 Kg4 52. Nf3 Nf7 53. Kf1 Kf5 54. Ke2 Ne5 55. Nd2 Ke6 56. Kd1
f3 0-1

[Event "13e tournoi d'automne - tournoi A"]
[Site "Montigny le Bretonneux"]
[Date "2014.10.19"]
[Round "2.2"]
[White "Fruchard, Cyrille"]
[Black "Rettore, Ludwig"]
[Result "1-0"]
[WhiteElo "2011"]
[BlackElo "2135"]
[Annotator "Rivier,Sylvain"]
[PlyCount "45"]
[EventDate "2014.??.??"]

{Gambit dame, défense Tarrasch} 1. d4 d5 2. c4 e6 3. Nc3 c5 4. cxd5 exd5 5. Nf3
Nf6 6. Bg5 Be7 7. e3 c4 8. Qc2 Nc6 9. a3 O-O 10. Ne5 Be6 11. Be2 Nxe5 12. dxe5
Nd7 13. Bf4 f6 14. exf6 Bxf6 15. Rd1 Qa5 16. O-O Ne5 17. Bxe5 Bxe5 18. Nxd5
Rad8 19. Bxc4 Kh8 20. Qe4 Rfe8 21. Qxe5 Bxd5 22. Qg5 h6 23. Qh5 1-0

[Event "13e tournoi d'automne - tournoi A"]
[Site "Montigny le Bretonneux"]
[Date "2014.10.19"]
[Round "2.3"]
[White "David, Frederic"]
[Black "Veron, Cyprien"]
[Result "0-1"]
[WhiteElo "2043"]
[BlackElo "2031"]
[Annotator "Rivier,Sylvain"]
[PlyCount "88"]
[EventDate "2014.??.??"]

{Partie espagnole, défense fermée} 1. e4 e5 2. Nf3 Nc6 3. Bb5 a6 4. Ba4 Nf6 5.
O-O Be7 6. Re1 b5 7. Bb3 d6 8. a3 O-O 9. d3 Na5 10. Ba2 c5 11. Nc3 Bb7 12. Bg5
h6 13. Bxf6 Bxf6 14. Nd5 Nc6 15. c3 Rc8 16. a4 Kh8 17. axb5 axb5 18. Nxf6 Qxf6
19. Bd5 Rb8 20. Qb3 Ne7 21. Bxb7 Rxb7 22. Ra5 Rfb8 23. Rea1 Ng6 24. Ra8 Nf4 25.
Rxb8+ Rxb8 26. c4 b4 27. Kf1 Qg6 28. g3 Qg4 29. Ng1 Ne6 30. h3 Nd4 31. Qa4 Qc8
32. Qa6 Qf8 33. Ne2 Nb3 34. Ra2 f5 35. Kg2 fxe4 36. dxe4 Nd2 37. f4 exf4 38.
Nxf4 Qf6 39. b3 Qc3 40. Kh2 Nf1+ 41. Kg1 Qxg3+ 42. Kxf1 Qxf4+ 43. Rf2 Qxe4 44.
Qxd6 Qh1+ 0-1

[Event "13e tournoi d'automne - tournoi A"]
[Site "Montigny le Bretonneux"]
[Date "2014.10.19"]
[Round "2.4"]
[White "Forissier, Nicolas"]
[Black "Koenig, Joel"]
[Result "1-0"]
[WhiteElo "1929"]
[BlackElo "1829"]
[Annotator "Rivier,Sylvain"]
[PlyCount "89"]
[EventDate "2014.??.??"]

{Partie du pion dame} 1. d4 Nc6 2. Nf3 d5 3. g3 Nf6 4. Bg2 Bf5 5. Bf4 e6 6. O-O
Bd6 7. Bxd6 Qxd6 8. Nbd2 O-O 9. c3 Rfe8 10. Re1 h6 11. b4 a6 12. a4 Na7 13. Ne5
Nd7 14. e4 Nxe5 15. dxe5 Qxe5 16. exf5 Qxc3 17. fxe6 fxe6 18. Rc1 Qxb4 19. Rxc7
Qb6 20. Rc1 Rad8 21. Rb1 Qc7 22. Nf3 Nc6 23. Qb3 Na5 24. Qb6 Qxb6 25. Rxb6 d4
26. Rbxe6 Rxe6 27. Rxe6 Kf7 28. Re1 Nc4 29. Rd1 d3 30. Nd2 b5 31. axb5 axb5 32.
Bc6 Na3 33. Nb3 b4 34. Be4 d2 35. Rxd2 Rxd2 36. Nxd2 Ke6 37. f4 Kd6 38. Kf2 Kc5
39. Ke3 Nb5 40. Nb3+ Kc4 41. Bd3+ Kxb3 42. Bxb5 Kc3 43. Ba4 g6 44. Ke4 Kd2 45.
Ke5 1-0

[Event "13e tournoi d'automne - tournoi A"]
[Site "Montigny le Bretonneux"]
[Date "2014.10.19"]
[Round "2.5"]
[White "Plantet, Marc"]
[Black "Renoux, Frederic"]
[Result "1-0"]
[WhiteElo "1858"]
[BlackElo "1884"]
[Annotator "Rivier,Sylvain"]
[PlyCount "39"]
[EventDate "2014.??.??"]

{Défense française, variante Winaver} 1. e4 e6 2. d4 d5 3. Nc3 Bb4 4. e5 c5 5.
a3 Bxc3+ 6. bxc3 Qa5 7. Bd2 Qa4 8. Qg4 g6 9. Ne2 Qxc2 10. Nf4 Qe4+ 11. Be2 c4
12. O-O Nc6 13. Ra2 h5 14. Qh3 Nxd4 15. cxd4 Qxd4 16. Qg3 Ne7 17. Bb4 Qxe5 18.
Bxe7 Kxe7 19. Nxg6+ fxg6 20. Qxe5 1-0

[Event "13e tournoi d'automne - tournoi A"]
[Site "Montigny le Bretonneux"]
[Date "2014.10.20"]
[Round "3.1"]
[White "Iasoni, Robert"]
[Black "Plantet, Marc"]
[Result "0-1"]
[WhiteElo "2137"]
[BlackElo "1858"]
[Annotator "Rivier,Sylvain"]
[PlyCount "66"]
[EventDate "2014.??.??"]

{Partie du pion dame} 1. d4 d5 2. Nf3 Nf6 3. Bf4 Bf5 4. e3 e6 5. Bd3 Bg6 6.
Nbd2 c5 7. Bb5+ Nc6 8. Ne5 Qb6 9. Ba4 cxd4 10. Nxc6 bxc6 11. exd4 Be7 12. O-O
Rc8 13. Nf3 Bh5 14. Qd3 Bxf3 15. gxf3 O-O 16. Rab1 c5 17. c3 cxd4 18. Be5 dxc3
19. bxc3 Qa5 20. Bc2 g6 21. Rb7 Qd8 22. Ba4 Bd6 23. f4 Bxe5 24. fxe5 Ne4 25. f4
Nc5 26. Qb5 Nxb7 27. Qxb7 Qb6+ 28. Qxb6 axb6 29. Rb1 Rxc3 30. Rxb6 Rc4 31. Bd7
Rxf4 32. a4 Ra8 33. Bc6 Raxa4 0-1

[Event "13e tournoi d'automne - tournoi A"]
[Site "Montigny le Bretonneux"]
[Date "2014.10.20"]
[Round "3.2"]
[White "Rettore, Ludwig"]
[Black "David, Frederic"]
[Result "1-0"]
[WhiteElo "2135"]
[BlackElo "2043"]
[Annotator "Rivier,Sylvain"]
[PlyCount "113"]
[EventDate "2014.??.??"]

{Défense sicilienne, fianchetto accéléré moderne} 1. Nf3 c5 2. e4 g6 3. d4 cxd4
4. Nxd4 Bg7 5. Nc3 Nc6 6. Be3 Nf6 7. Bc4 Qa5 8. O-O d6 9. h3 Bd7 10. Nb3 Qh5
11. Be2 Qh4 12. Nd2 Ne5 13. Nf3 Nxf3+ 14. Bxf3 O-O 15. Qd2 h6 16. Rfe1 Bc6 17.
Kh2 Nh5 18. Bxh6 Be5+ 19. Kg1 Nf4 20. Bxf4 Bxf4 21. Qe2 Be5 22. Rab1 e6 23. Nd1
Rac8 24. c3 f5 25. g3 Qxh3 26. Bg2 Qh6 27. exf5 Bxg2 28. Kxg2 gxf5 29. Rh1 Qg6
30. f4 Rc7 31. Qh5 Qxh5 32. Rxh5 Bf6 33. Ne3 Rh7 34. Rxh7 Kxh7 35. Nc4 Rd8 36.
Re1 e5 37. Rd1 exf4 38. gxf4 d5 39. Ne3 d4 40. Nxf5 Rg8+ 41. Kf3 dxc3 42. bxc3
Rc8 43. Rd7+ Kh8 44. Rxb7 Rxc3+ 45. Kg4 Ra3 46. Kh5 Ra6 47. Rd7 Bc3 48. Rd8+
Kh7 49. Rd7+ Kh8 50. Rd3 Bb4 51. Rd8+ Kh7 52. Rd7+ Kh8 53. Ne3 Rxa2 54. Nd5 Bf8
55. Nf6 Rh2+ 56. Kg6 Rg2+ 57. Kf7 1-0

[Event "13e tournoi d'automne - tournoi A"]
[Site "Montigny le Bretonneux"]
[Date "2014.10.20"]
[Round "3.3"]
[White "Veron, Cyprien"]
[Black "De Lagontrie, Jean"]
[Result "1/2-1/2"]
[WhiteElo "2031"]
[BlackElo "1870"]
[Annotator "Rivier,Sylvain"]
[PlyCount "73"]
[EventDate "2014.??.??"]

{Gambit dame} 1. Nf3 d5 2. d4 c6 3. c4 e6 4. Nc3 dxc4 5. a4 Bb4 6. e4 b5 7. Bd2
a5 8. axb5 Bxc3 9. Bxc3 cxb5 10. b3 Bb7 11. bxc4 b4 12. Qb1 Qc7 13. Bd2 Nd7 14.
e5 Ne7 15. Bd3 h6 16. O-O O-O 17. Rc1 Rfb8 18. Bf4 Nc8 19. d5 Nc5 20. d6 Qc6
21. Bf1 Nb6 22. Be3 Nbd7 23. Qb2 Qe4 24. Nd2 Qc6 25. Qd4 b3 26. Rcb1 a4 27. Ra3
Ra6 28. Rb2 Rc8 29. f3 Raa8 30. Nb1 f6 31. exf6 Nxf6 32. Bxh6 gxh6 33. Qxf6
Qxd6 34. Qg6+ Kh8 35. Qxh6+ Kg8 36. Qg6+ Kh8 37. Qh6+ 1/2-1/2

[Event "13e tournoi d'automne - tournoi A"]
[Site "Montigny le Bretonneux"]
[Date "2014.10.20"]
[Round "3.4"]
[White "Koenig, Joel"]
[Black "Fruchard, Cyrille"]
[Result "0-1"]
[WhiteElo "1829"]
[BlackElo "2011"]
[Annotator "Rivier,Sylvain"]
[PlyCount "74"]
[EventDate "2014.??.??"]

{Partie viennoise} 1. Nc3 Nf6 2. e4 e5 3. f4 d5 4. fxe5 Nxe4 5. Nf3 Nxc3 6.
dxc3 c5 7. Bb5+ Bd7 8. Bxd7+ Qxd7 9. O-O Be7 10. e6 Qxe6 11. Ng5 Qc6 12. Nxf7
O-O 13. Ne5 Rxf1+ 14. Qxf1 Qe6 15. Bf4 Nd7 16. Nxd7 Qxd7 17. Qe2 Bf6 18. Re1
Rf8 19. Bg3 Rf7 20. Qe8+ Qxe8 21. Rxe8+ Rf8 22. Rxf8+ Kxf8 23. Bd6+ Be7 24.
Bxe7+ Kxe7 25. Kf2 Ke6 26. Ke3 Ke5 27. Kd3 Kf4 28. a4 b6 29. b3 a6 30. b4 a5
31. bxa5 bxa5 32. Kd2 Ke4 33. Ke2 c4 34. g3 g5 35. h3 h5 36. h4 gxh4 37. gxh4
Kf4 0-1

[Event "13e tournoi d'automne - tournoi A"]
[Site "Montigny le Bretonneux"]
[Date "2014.10.20"]
[Round "3.5"]
[White "Renoux, Frederic"]
[Black "Forissier, Nicolas"]
[Result "0-1"]
[WhiteElo "1884"]
[BlackElo "1929"]
[Annotator "Rivier,Sylvain"]
[PlyCount "130"]
[EventDate "2014.??.??"]

{Défense Grünfeld, variante russe} 1. d4 Nf6 2. c4 g6 3. Nc3 d5 4. Nf3 Bg7 5.
Qb3 c6 6. cxd5 cxd5 7. Bg5 e6 8. e3 O-O 9. Ne5 b6 10. Nb5 Ba6 11. Rc1 Nbd7 12.
Nc6 Rc8 13. Nxd8 Rxc1+ 14. Kd2 Rc8 15. Nd6 Bxf1 16. Nxc8 Ne4+ 17. Kc1 Bc4 18.
Qc2 Nxg5 19. Ne7+ Kh8 20. b3 Ba6 21. Qc7 Nf6 22. f3 h5 23. h4 Ngh7 24. Nxf7+
Rxf7 25. Nxg6+ Kg8 26. Ne7+ Kh8 27. Kd2 Bf8 28. Ng6+ Kg8 29. Qe5 Bb4+ 30. Kc2
Nf8 31. Nxf8 Rxf8 32. Qxe6+ Kg7 33. Rh3 Be1 34. Qe5 Re8 35. Qc7+ Kg6 36. Qxa7
Be2 37. Rh1 Rc8+ 38. Kb2 Bc3+ 39. Ka3 b5 40. b4 Rc4 41. Rc1 Bd2 42. Rxc4 dxc4
43. Kb2 Bd3 44. Qb8 c3+ 45. Kb3 c2 46. Qg3+ Kf7 47. Qc7+ Ke8 48. Qb8+ Ke7 49.
Qe5+ Kd7 50. Qxf6 c1=Q 51. Qf7+ Kc8 52. Qe8+ Kb7 53. Qe7+ Qc7 54. Qxc7+ Kxc7
55. e4 Be1 56. a4 Bc4+ 57. Ka3 Bxh4 58. g4 Bg5 59. axb5 h4 60. Kb2 h3 61. Kc3
Bxb5 62. d5 h2 63. Kd4 h1=Q 64. Kc5 Be2 65. d6+ Kd7 0-1

[Event "13e tournoi d'automne - tournoi A"]
[Site "Montigny le Bretonneux"]
[Date "2014.10.21"]
[Round "4.3"]
[White "David, Frederic"]
[Black "Koenig, Joel"]
[Result "0-1"]
[WhiteElo "2043"]
[BlackElo "1829"]
[Annotator "Rivier,Sylvain"]
[PlyCount "70"]
[EventDate "2014.??.??"]

{Ouverture du pion roi} 1. d4 Nc6 2. Nf3 d6 3. e4 Bg4 4. c3 Nf6 5. Bd3 e6 6.
O-O Be7 7. Re1 h6 8. Nbd2 O-O 9. Nf1 Re8 10. Ng3 e5 11. d5 Nb8 12. h3 Bd7 13.
c4 a5 14. Bd2 a4 15. b4 c6 16. b5 cxb5 17. cxb5 Bc8 18. Bc2 a3 19. Re3 Qb6 20.
Rb3 Nbd7 21. Bc1 Nc5 22. Rxa3 Rxa3 23. Bxa3 Qxb5 24. Bxc5 Qxc5 25. Ba4 b5 26.
Rc1 Qb4 27. Qb3 Qxa4 28. Qe3 Bd7 29. Rc7 Qxa2 30. Kh2 Rc8 31. Ra7 Qb2 32. Rxd7
Nxd7 33. Nf5 Bf8 34. Qa7 Nf6 35. Ne7+ Bxe7 0-1

[Event "13e tournoi d'automne - tournoi A"]
[Site "Montigny le Bretonneux"]
[Date "2014.10.21"]
[Round "4.4"]
[White "Fruchard, Cyrille"]
[Black "Renoux, Frederic"]
[Result "1-0"]
[WhiteElo "2011"]
[BlackElo "1884"]
[Annotator "Rivier,Sylvain"]
[PlyCount "87"]
[EventDate "2014.??.??"]

{Défense Nimzo-indienne, système Rubinstein} 1. d4 e6 2. c4 Nf6 3. Nc3 Bb4 4.
e3 b6 5. Bd3 Bb7 6. Nf3 O-O 7. O-O d5 8. cxd5 exd5 9. Qc2 Re8 10. a3 Bf8 11.
Re1 c5 12. b3 Nc6 13. Bb2 Rc8 14. dxc5 bxc5 15. Bf5 Rb8 16. Na4 Ne4 17. Red1
Qa5 18. Rac1 Rbd8 19. Nd2 Ne5 20. Bxe4 dxe4 21. Bxe5 Rxe5 22. Nc4 Rxd1+ 23.
Rxd1 Qc7 24. Nxe5 Qxe5 25. Qc3 Qh5 26. Rd8 Qg5 27. Rxf8+ Kxf8 28. Qxc5+ Qxc5
29. Nxc5 Bc6 30. Kf1 Ke7 31. Ke1 Kd6 32. b4 Kd5 33. Nb3 Ba4 34. Na5 f5 35. Kd2
g5 36. g3 h5 37. Kc3 h4 38. Nb3 hxg3 39. hxg3 Bd7 40. Nd4 a6 41. Nb3 g4 42. a4
Bc8 43. a5 Bd7 44. b5 1-0

[Event "13e tournoi d'automne - tournoi A"]
[Site "Montigny le Bretonneux"]
[Date "2014.10.21"]
[Round "4.5"]
[White "De Lagontrie, Jean"]
[Black "Plantet, Marc"]
[Result "0-1"]
[WhiteElo "1870"]
[BlackElo "1858"]
[Annotator "Rivier,Sylvain"]
[PlyCount "46"]
[EventDate "2014.??.??"]

{Gambit dame, défense Tchigorine} 1. d4 d5 2. c4 Nc6 3. cxd5 Qxd5 4. e3 e5 5.
Nc3 Bb4 6. Bd2 Bxc3 7. bxc3 Nf6 8. f3 e4 9. c4 Qd6 10. Ne2 O-O 11. Ng3 exf3 12.
gxf3 Re8 13. Be2 Bh3 14. Qb3 Bg2 15. O-O-O Bxh1 16. Rxh1 Rad8 17. Rg1 Nxd4 18.
exd4 Qxd4 19. Rd1 Qf2 20. Bd3 b6 21. Ne4 Nxe4 22. Bxe4 Qd4 23. Qc3 Qxc3+ 0-1

[Event "13e tournoi d'automne - tournoi A"]
[Site "Montigny le Bretonneux"]
[Date "2014.10.22"]
[Round "5.1"]
[White "Iasoni, Robert"]
[Black "Fruchard, Cyrille"]
[Result "1-0"]
[WhiteElo "2137"]
[BlackElo "2011"]
[Annotator "Rivier,Sylvain"]
[PlyCount "115"]
[EventDate "2014.??.??"]

{Défense est-indienne} 1. d4 Nf6 2. Nf3 g6 3. g3 Bg7 4. Bg2 O-O 5. O-O d6 6. c4
Nbd7 7. Qc2 e5 8. Rd1 Re8 9. dxe5 dxe5 10. e4 c6 11. Bh3 Qc7 12. c5 b6 13. b4
a5 14. cxb6 Qxb6 15. bxa5 Rxa5 16. Be3 c5 17. Nbd2 Ra7 18. Nc4 Qc7 19. Nd6 Re6
20. Nxc8 Qxc8 21. Nd2 Qc7 22. a4 Rea6 23. Bf1 Rb6 24. a5 Rb8 25. Nc4 Nf8 26. a6
Ne6 27. Nd6 Qc6 28. Ra5 Nd4 29. Bxd4 exd4 30. Rxd4 Nxe4 31. Rxe4 Qxd6 32. Qxc5
Qxc5 33. Rxc5 Bf6 34. h4 h5 35. g4 hxg4 36. Rxg4 Rb6 37. Rc2 Rbxa6 38. Bxa6
Rxa6 39. Rc5 Kg7 40. Kg2 Rd6 41. Rb5 Rd4 42. Rxd4 Bxd4 43. h5 Kh6 44. Rd5 Bg7
45. hxg6 fxg6 46. Kf3 Bf6 47. Kg4 Kg7 48. Rd7+ Kf8 49. Kf4 Ke8 50. Rh7 Kf8 51.
Ke4 Bg7 52. Rh3 Kf7 53. Kd5 Kf6 54. Kd6 Kf5 55. Kd5 g5 56. Rf3+ Kg4 57. Ke4 Kh4
58. Rf7 1-0

[Event "13e tournoi d'automne - tournoi A"]
[Site "Montigny le Bretonneux"]
[Date "2014.10.22"]
[Round "5.2"]
[White "Rettore, Ludwig"]
[Black "De Lagontrie, Jean"]
[Result "1-0"]
[WhiteElo "2135"]
[BlackElo "1870"]
[Annotator "Rivier,Sylvain"]
[PlyCount "87"]
[EventDate "2014.??.??"]

{Défense sicilienne, variante Löwenthal} 1. Nf3 c5 2. e4 Nc6 3. Nc3 Nf6 4. d4
cxd4 5. Nxd4 e5 6. Ndb5 d6 7. Bg5 a6 8. Bxf6 gxf6 9. Na3 b5 10. Nd5 f5 11. Bd3
Be6 12. O-O Bxd5 13. exd5 Ne7 14. Nxb5 Bg7 15. Nc3 e4 16. Bc4 O-O 17. Qh5 Qc8
18. Bb3 Ng6 19. Rae1 Re8 20. f4 Kh8 21. Kh1 Ra7 22. Nd1 Bd4 23. Ne3 Bxe3 24.
Rxe3 Rg8 25. Qg5 Rg7 26. Qf6 Qd7 27. Rc3 Ne7 28. Rg3 Ng6 29. Rc3 Ne7 30. Re1
Ng8 31. Qd4 f6 32. Ba4 Qf7 33. Rc8 Rg4 34. g3 Re7 35. Re3 h5 36. c4 h4 37. Bd1
Rg7 38. gxh4 Kh7 39. h5 Nh6 40. h3 Ng8 41. b4 Re8 42. Rxe8 Qxe8 43. a4 Qf7 44.
Qc3 1-0

[Event "13e tournoi d'automne - tournoi A"]
[Site "Montigny le Bretonneux"]
[Date "2014.10.22"]
[Round "5.3"]
[White "Renoux, Frederic"]
[Black "David, Frederic"]
[Result "1-0"]
[WhiteElo "1884"]
[BlackElo "2043"]
[Annotator "Rivier,Sylvain"]
[PlyCount "69"]
[EventDate "2014.??.??"]

{Ouverture du pion dame} 1. d4 g6 2. c4 Bg7 3. Nf3 c5 4. d5 b5 5. cxb5 a6 6.
bxa6 Bxa6 7. Nc3 Qb6 8. g3 Bc4 9. Bg2 Bxc3+ 10. bxc3 Rxa2 11. Rxa2 Bxa2 12. Nd2
c4 13. Ba3 Bb3 14. Nxb3 cxb3 15. Bb4 Nh6 16. Qxb3 O-O 17. O-O Na6 18. Qa4 d6
19. Qc6 Rb8 20. Ba3 Ng4 21. Qd7 Ne5 22. Qxe7 Nc4 23. Bc1 Qc7 24. Qf6 Qd8 25.
Qd4 Rc8 26. Bh6 f6 27. Bh3 Rc5 28. Be6+ Kh8 29. Rb1 Rc7 30. Ra1 Nb8 31. Ra7 Ne5
32. Ra8 Rb7 33. f4 Ned7 34. Bxd7 Rxd7 35. Qb4 1-0

[Event "13e tournoi d'automne - tournoi A"]
[Site "Montigny le Bretonneux"]
[Date "2014.10.22"]
[Round "5.4"]
[White "Koenig, Joel"]
[Black "Veron, Cyprien"]
[Result "0-1"]
[WhiteElo "1829"]
[BlackElo "2031"]
[Annotator "Rivier,Sylvain"]
[PlyCount "74"]
[EventDate "2014.??.??"]

{Partie écossaise} 1. Nc3 e5 2. Nf3 Nc6 3. d4 exd4 4. Nxd4 Bc5 5. Nf5 Qf6 6. e4
Nge7 7. Ne3 O-O 8. Be2 d6 9. O-O a6 10. Kh1 b5 11. f4 Bb7 12. e5 Qe6 13. Bg4 f5
14. exf6 Qxf6 15. Ne4 Qd4 16. Nxc5 Qxc5 17. c3 Rf6 18. Bf3 Rxf4 19. Nd5 Rxf3
20. Nxe7+ Nxe7 21. Rxf3 Bxf3 22. Qxf3 Rf8 23. Be3 Rxf3 24. Bxc5 Rd3 25. Ba3 c5
26. h3 a5 27. Re1 Kf7 28. b4 axb4 29. Bc1 bxc3 30. Bg5 Nd5 31. Kh2 h6 32. Bc1
Nb4 33. a3 Na2 34. Rf1+ Ke6 35. Bf4 g5 36. Ra1 gxf4 37. Rxa2 Rd2 0-1

[Event "13e tournoi d'automne - tournoi A"]
[Site "Montigny le Bretonneux"]
[Date "2014.10.21"]
[Round "5.5"]
[White "Plantet, Marc"]
[Black "Forissier, Nicolas"]
[Result "1-0"]
[WhiteElo "1858"]
[BlackElo "1929"]
[Annotator "Rivier,Sylvain"]
[PlyCount "99"]
[EventDate "2014.??.??"]

{Partie espagnole, défense fermée} 1. e4 e5 2. Nf3 Nc6 3. Bb5 a6 4. Ba4 Nf6 5.
O-O b5 6. Bb3 Be7 7. d4 exd4 8. e5 Ne4 9. Nxd4 Bb7 10. Bxf7+ Kxf7 11. Qf3+ Nf6
12. exf6 Nxd4 13. Qxb7 Bxf6 14. Qd5+ Ne6 15. Rd1 Ke8 16. Nd2 c6 17. Qh5+ g6 18.
Qe2 Kf7 19. Ne4 d5 20. c3 Re8 21. Be3 Qe7 22. Nxf6 Qxf6 23. Qc2 Re7 24. a4 Rae8
25. axb5 axb5 26. g3 Qf3 27. Rd3 Nc5 28. Qd1 Qxd1+ 29. Rdxd1 Na4 30. Rd2 Re4
31. Rc1 Rb8 32. b3 Nb6 33. Ra1 Nd7 34. Ra7 Ke6 35. Bf4 Rc8 36. f3 Rxf4 37. gxf4
Nc5 38. b4 Na4 39. Re2+ Kd6 40. Re3 h5 41. Rg7 Rf8 42. Rxg6+ Kc7 43. Re7+ Kb6
44. Rgg7 Rb8 45. Re3 Rd8 46. f5 Rf8 47. Rg5 h4 48. Kg2 Nb2 49. Re7 Nd1 50. Rgg7
1-0

[Event "13e tournoi d'automne - tournoi A"]
[Site "Montigny le Bretonneux"]
[Date "2014.10.23"]
[Round "6.1"]
[White "David, Frederic"]
[Black "Iasoni, Robert"]
[Result "1/2-1/2"]
[WhiteElo "2043"]
[BlackElo "2137"]
[Annotator "Rivier,Sylvain"]
[PlyCount "101"]
[EventDate "2014.??.??"]

{Défense hollandaise, variante Stonewall} 1. d4 f5 2. c4 Nf6 3. Nf3 e6 4. Nc3
Be7 5. g3 O-O 6. Bg2 c6 7. O-O d5 8. Ne5 Nbd7 9. Qd3 Nxe5 10. dxe5 Ne4 11. cxd5
exd5 12. f4 Nc5 13. Qc2 Be6 14. e3 Qe8 15. Bd2 Qf7 16. Ne2 Na6 17. Nd4 Nc7 18.
b4 Rfd8 19. Rfc1 Bd7 20. Bf1 g6 21. a4 Ne6 22. Qb3 Nxd4 23. exd4 b6 24. Rc2 h6
25. Rac1 Qe6 26. Bg2 Rac8 27. b5 Be8 28. a5 c5 29. dxc5 Bxc5+ 30. Be3 Bxe3+ 31.
Qxe3 Rxc2 32. Rxc2 d4 33. Qd3 bxa5 34. Kf2 Qb6 35. Bc6 Bf7 36. Ke1 h5 37. h3 a4
38. g4 Qa5+ 39. Kf2 hxg4 40. hxg4 Be6 41. gxf5 Bxf5 42. Be4 Rf8 43. Qc4+ Kg7
44. Bxf5 Rxf5 45. Qxd4 Qb6 46. Qxb6 axb6 47. Rc4 g5 48. Rxa4 gxf4 49. Re4 f3
50. Re3 Kg8 51. e6 1/2-1/2